00389nam a2200157 a 45000010005000000030009000050080041000140400028000550820017000831000020001002450026001202600031001463000010001774900022001876500022002092336CO-ViMGA141112s2004 ck r 000 u spa d aCO-ViMGAbspacCO-ViMGA04a843.914 D8771 aDurrell, Gerald10aRescate en madagascar aMadrid : bAlianza, c1994 a230 p aAlianza Tres, 27214aRELATOS FRANCESES